Statystyki dla Losowe koła wycięte z mapy świata

Kliknij tutaj aby rozwiązać quiz!

Ogólne statystyki

  • Ten quiz został rozwiązany 31 499 razy
  • Średni wynik to 9 z 12

Statystyki odpowiedzi

Odpowiedź% Poprawnych
Finlandia | Norwegia | Rosja | Szwecja
95%
Białoruś | Estonia | Łotwa | Litwa | Polska | Rosja
94%
Albania | Bułgaria | Grecja | Macedonia Północna | Turcja
93%
Belgia | Francja | Niemcy | Luksemburg | Holandia | Wielka Brytania
93%
Algieria | Mali | Mauretania | Maroko | Hiszpania
92%
Algieria | Maroko | Portugalia | Hiszpania
92%
Chiny | Japonia | Korea Północna| Rosja
92%
Dania | Niemcy | Norwegia | Szwecja
91%
Australia | Indonezja | Papua Nowa Gwinea
90%
Austria | Francja | Niemcy | Włochy | Liechtenstein | Szwajcaria
90%
Włochy | Malta | Tunezja
90%
Brazylia | Francja | Gujana | Surinam | Wenezuela
89%
Kolumbia | Kostaryka | Panama
89%
Indie | Malediwy | Sri Lanka
88%
Bośnia i Hercegowina | Chorwacja | Włochy | San Marino | Watykan
87%
Irlandia | Wielka Brytania
86%
Bułgaria | Mołdawia | Rumunia | Ukraina | Rosja
84%
Czad | Egipt | Libia | Sudan
84%
Rosja | Turcja | Iran | Armenia | Azerbejdżan | Gruzja
84%
Benin | Ghana | Wybrzeże Kości Słoniowej | Nigeria | Togo
82%
Komory | Francja | Madagaskar | Mauritius
82%
Bahrajn | Iran | Oman | Katar | Arabia Saudyjska | Zjednoczone Emiraty Arabskie
80%
Oman | Arabia Saudyjska | Somalia | Jemen
80%
Bahamy | Kuba | Dominikana | Haiti | Jamajka
76%
Boliwia | Brazylia | Chile | Peru
76%
Gambia | Gwinea | Gwinea-Bissau | Senegal
76%
Bhutan | Chiny | Indie | Nepal | Bangladesz
75%
Chiny | Filipiny | Tajwan
75%
Bahamy | Kuba | Stany Zjednoczone
74%
Brunei | Indonezja | Malezja | Filipiny
74%
Kambodża | Laos | Tajlandia | Wietnam
74%
Angola | Botswana | Namibia | Zambia | Zimbabwe
73%
Dżibuti | Erytrea | Etiopia | Somalia | Jemen
73%
Iran | Irak | Kuwejt | Arabia Saudyjska
72%
Chiny | Kazachstan | Kirgistan | Tadźykistan | Uzbekistan
71%
Węgry| Polska | Rumunia | Słowacja | Ukraina
71%
Brazylia | Kolumbia | Ekwador | Peru
70%
Kazachstan | Rosja | Ukraina
70%
Chiny | Kazachstan | Mongolia | Rosja
69%
Kuba | Meksyk | Stany Zjednoczone
69%
Botswana | Eswatini | Mozambik | Południowa Afryka | Zimbabwe
68%
Afganistan | Indie | Iran | Pakistan
66%
Kamerun | Gwinea Równikowa | Gabon | Wyspy Świętego Tomasza i Książęca
66%
Kanada | Stany Zjednoczone
64%
Burundi | Demokratyczna Republika Konga | Kenia | Rwanda | Tanzania | Uganda
63%
Kostaryka | Honduras | Nikaragua
63%
Komory | Malawi | Mozambik | Tanzania
62%
Belize | Gwatemala | Meksyk
58%
Chiny | Laos | Mjanma | Tajlandia | Wietnam
52%
Argentyna | Boliwia | Brazylia | Paragwaj
50%
Kenia | Tanzania | Uganda
49%
Fidżi | Samoa | Tonga
47%
Chiny | Wietnam
46%
Francja | Wyspy Salomona | Vanuatu
46%
Republika Środkowoafrykańska | Etiopia | Sudan Południowy| Sudan
43%
Indonezja | Malezja | Singapur
38%
Belize | Salwador | Gwatemala | Honduras
34%
Grenada | Trynidad i Tobago | Wenezuela
34%

Rozkład punktacji

Percentyl według liczby udzielonych odpowiedzi

Procent ludzi z każdym wynikiem

Twoja historia wyników

Nie rozwiązałeś tego quizu